banner koha

Caracterização agronômica e oBrix em frutos de tomate industrial sob irrigação por gotejamento no sudoeste de Goiás (Registro n. 227355)

MARC details
000 -LÍDER
campo de controle de tamanho fixo 01189nas a2200325 4500
001 - NÚMERO DE CONTROLE
campo de controle BR2013002898
003 - IDENTIFICADOR DO NÚMERO DE CONTROLE
campo de controle BR-BrBNA
005 - DATA E HORÁRIO DA ÚLTIMA TRANSAÇÃO
campo de controle 20231205122203.0
007 - CAMPO FIXO DE DESCRIÇÃO FÍSICA--INFORMAÇÃO GERAL
campo de controle de tamanho fixo ta
008 - CAMPO DE DADOS FIXOS--INFORMAÇÃO GERAL
campo de controle de tamanho fixo 230509b bl.|||p| |||| 00| 00por d
040 ## - FONTE DA CATALOGAÇÃO
Instituição da catalogação original BR-BrBNA
Idioma da catalogação por
Instituição que transcreveu o registro Biblioteca Nacional de Agricultura
041 ## - CÓDIGO DE IDIOMA
Código do idioma do texto/trilha sonora ou título diferente (Pt)
072 ## - CÓDIGO DE CATEGORIA DE ASSUNTO
Código de Categoria de Assunto F06
100 1# - ENTRADA PRINCIPAL--NOME PESSOAL
Nome pessoal Koetz, M.
100 1# - ENTRADA PRINCIPAL--NOME PESSOAL
Nome pessoal Masca, M.G.C.C.
100 1# - ENTRADA PRINCIPAL--NOME PESSOAL
Nome pessoal Carneiro, L.C.
100 1# - ENTRADA PRINCIPAL--NOME PESSOAL
Nome pessoal Ragagnin, V.A.
100 1# - ENTRADA PRINCIPAL--NOME PESSOAL
Nome pessoal Sena Junior, D.G. de
100 1# - ENTRADA PRINCIPAL--NOME PESSOAL
Nome pessoal Gomes Filho, R.R.
245 1# - TÍTULO
Título Caracterização agronômica e oBrix em frutos de tomate industrial sob irrigação por gotejamento no sudoeste de Goiás
246 1# - FORMA VARIANTE DO TÍTULO
Título/título abreviado Agronomic characteristcs and o Brix of processing tomato fruits under drip irrigation in the southwest of Goiás
650 ## - ASSUNTO--TERMO TÓPICO
Cabeçalho tópico ou nome geográfico TOMATE
650 ## - ASSUNTO--TERMO TÓPICO
Cabeçalho tópico ou nome geográfico IRRIGAÇÃO POR GOTEJAMENTO
650 ## - ASSUNTO--TERMO TÓPICO
Cabeçalho tópico ou nome geográfico FRUTO
650 ## - ASSUNTO--TERMO TÓPICO
Cabeçalho tópico ou nome geográfico RESPOSTA DA PLANTA
773 0# - ENTRADA ANALÍTICA
Título Revista Brasileira de Agricultura Irrigada (Brazil)
ISSN - International Standard Serial Number ISSN 1982-7679
Partes relacionadas (2010), v. 4(1) p. 14-22
Número de controle do registro BR2013002898
856 40 - LOCALIZAÇÃO ELETRÔNICA E ACESSO
Uniform Resource Identifier <a href="http://www.inovagri.com.br/wp-content/uploads/2010/04/v.4-n.1-p.14-22_Koetz_et_al..pdf">http://www.inovagri.com.br/wp-content/uploads/2010/04/v.4-n.1-p.14-22_Koetz_et_al..pdf</a>
909 ## -
-- 202311
-- Lúcia
-- 55
-- Lúcia Elande
942 ## - ELEMENTOS DE ENTRADA ADICIONADOS (KOHA)
Fonte da classificação ou esquema de arquivamento na estante Classificação AGRIS
Ocultar no OPAC Não
Tipo de material Koha Analítica
Exemplares
Situação do descarte Fonte da classificação ou esquema de arquivamento na estante Situação física Não pode ser emprestado Biblioteca de origem Biblioteca atual Localização na estante Enumeração do periódico / cronologia Total de empréstimos Data de último acesso Número do exemplar Tipo de material Koha Fonte de aquisição
  Classificação AGRIS   Consulta local Biblioteca Nacional de Agricultura - Binagri Biblioteca Nacional de Agricultura - Binagri   (2010), v. 4(1) p. 14-22   29/11/2023 01 Periódicos Portaria Interministerial nº 164/94

BINAGRI

Telefone: (61)3218-2567/2388/3357/2097 - binagri@agro.gov.br

Ministério da Agricultura e Pecuária , Esplanada dos Ministérios, Bloco D, Anexo B, Brasília/DF, CEP: 70.043-900